| 000 | 00755nam a22001817a 4500 | ||
|---|---|---|---|
| 003 | UA-OsUOA | ||
| 001 | 13612 | ||
| 007 | ta | ||
| 008 | 20030610b un ||||| |||| 00| 0 ukr d | ||
| 100 | _aІсаєва Т. | ||
| 942 | _cSA | ||
| 040 |
_aUA-OsUOA _cUA-OsUOA _dUA-OsUOA |
||
| 245 |
_aМолодь - стратегічний ресурс суспільства _b[В Рівнен. облдержадміністрації проведено засідання виїздної колегії Держкомітету України в справах сім'ї та молоді] |
||
| 300 | _aС.2 | ||
| 955 | _a0 | ||
| 773 | 0 |
_w0 _tВісті Рівненщини _dРівне _d2003 _g№40/16 трав./ |
|
| 650 | 7 |
_aКраєзнавча робота _2UDC |
|
| 999 |
_c299773 _d299773 |
||